| 000 | 00854nam a2200277 a 4500 | ||
|---|---|---|---|
| 001 | 24459 | ||
| 003 | CO-ViMGA | ||
| 008 | 141112s2004 ck r 000 u spa d | ||
| 020 | _a9789587047219 | ||
| 040 |
_aCO-ViMGA _bspa _cCO-ViMGA |
||
| 041 | _aSPA | ||
| 090 | _aN ROD4 | ||
| 100 | 1 |
_aRodríguez, Antonio Orlando, 1956 - _92660 |
|
| 245 | 1 | 0 |
_aChiquita / _cAntonio Orlando Rodríguez |
| 250 | _a1a ed. | ||
| 260 |
_aBogotá : _bAlfaguara, _c2008 |
||
| 300 | _a550 p. | ||
| 650 | 1 | 4 |
_aARTISTAS CUBANOS - NOVELA _936295 |
| 650 | 1 | 4 |
_aAUTORES CUBANOS _923537 |
| 650 | 1 | 4 |
_aENANOS - NOVELA _932145 |
| 650 | 1 | 4 |
_aLITERATURA CUBANA - SIGLO XX _936296 |
| 650 | 1 | 4 |
_aNOVELA CUBANA - SIGLO XX _936297 |
| 650 | 1 | 4 |
_aPREMIO ALFAGUARA DE NOVELA, 2008 _936298 |
| 651 |
_aCUBA - VIDA SOCIAL Y COSTUMBRES - SIGLO XX - NOVELA _936299 |
||
| 942 |
_2ddc _cBK |
||
| 999 |
_c10271 _d10271 |
||